Estate south 2012 (Record no. 84066)

MARC details
000 -LEADER
fixed length control field 01115cab a22002175a 4500
001 - CONTROL NUMBER
control field L156540
008 - FIXED-LENGTH DATA ELEMENTS--GENERAL INFORMATION
fixed length control field 120606s2012 xxk 000 0 eng d
035 ## - SYSTEM CONTROL NUMBER
System control number (Sirsi) u156540
041 0# - LANGUAGE CODE
Language code of text/sound track or separate title eng
110 2# - MAIN ENTRY--CORPORATE NAME
Corporate name or jurisdiction name as entry element Jones Lang LaSalle
9 (RLIN) 3755
245 00 - TITLE STATEMENT
Title Estate south 2012
Remainder of title accelerating growth - analysing the real estate footprint of South India May 2012
Medium [electronic resource]
260 ## - PUBLICATION, DISTRIBUTION, ETC.
Place of publication, distribution, etc. [S.l.]
Name of publisher, distributor, etc. JLL
Date of publication, distribution, etc. 2012
520 ## - SUMMARY, ETC.
Summary, etc. Southern India has for long been a silent crusader, building and strengthening its real estate development as one of the most sought after in the country. Analyses the factors and trends that have contributed significantly to this growth.
520 ## - SUMMARY, ETC.
Summary, etc. Estate south: a macro view -- office estate: significant south -- retail estate: making the mark -- residential estate: on target -- Bangalore -- Hyderabad -- Chennai.
590 ## - LOCAL NOTE (RLIN)
Local note KA
651 #4 - SUBJECT ADDED ENTRY--GEOGRAPHIC NAME
Geographic name India
690 ## - LOCAL SUBJECT ADDED ENTRY--TOPICAL TERM (OCLC, RLIN)
Topical term or geographic name as entry element Commercial property
9 (RLIN) 6227
690 ## - LOCAL SUBJECT ADDED ENTRY--TOPICAL TERM (OCLC, RLIN)
Topical term or geographic name as entry element Residential property
9 (RLIN) 6266
856 40 - ELECTRONIC LOCATION AND ACCESS
Uniform Resource Identifier <a href="https://www.joneslanglasalle.co.in/India/EN-GB/Pages/ResearchFilter.aspx">https://www.joneslanglasalle.co.in/India/EN-GB/Pages/ResearchFilter.aspx</a>
Public note View the report at www.joneslanglasalle.co.in
942 ## - ADDED ENTRY ELEMENTS (KOHA)
Suppress in OPAC 0
Holdings
Withdrawn status Lost status Source of classification or shelving scheme Damaged status Not for loan Home library Current library Shelving location Date acquired Total Checkouts Full call number Barcode Date last seen Copy number Price effective from Koha item type
    Dewey Decimal Classification     Virtual Virtual Online 03/06/2012   ONLINE PUBLICATION 156540-2001 06/08/2019 1 06/08/2019 Book